LEADER 03441oas 2201189 a 450 001 9910141684903321 005 20260409122350.0 011 $a1262-3377 035 $a(DE-599)ZDB2032256-2 035 $a(DE-599)2032256-2 035 $a(OCoLC)34533431 035 $a(CONSER)sn 98048196 035 $a(CKB)110975595961396 035 $a(EXLCZ)99110975595961396 100 $a19960409a19969999 uy 101 0 $aeng 135 $aur||||||||||| 181 $ctxt$2rdacontent 182 $cc$2rdamedia 183 $acr$2rdacarrier 200 10$aESAIM$iControl, optimisation and calculus of variations 210 $a[Paris] $cE D P Sciences$d[1995]- 300 $aRefereed/Peer-reviewed 311 08$a1292-8119 517 1 $aESAIM-COCV 517 1 $aEuropean series in applied and industrial mathematics 517 1 $aCOCV, ESAIM 517 3 $aEuropean series in applied and industrial mathematics. 517 3 $aEuropean series in applied and industrial mathematics. 517 3 $aEuropean series in applied and industrial mathematics. 517 3 $aControl, optimisation and calculus of variations 517 3 $aContro?le, optimisation et calcul des variations 517 3 $aCOCV 517 3 $aESAIM. 517 1 $aESAIM. 606 $aSystem analysis$vPeriodicals 606 $aCalculus of variations$vPeriodicals 606 $aMathematical analysis$vPeriodicals 606 $aSystem analysis 606 $aCalculus of variations 606 $aMathematical analysis 606 $aSystems Analysis 606 $aAnalyse de syste?mes 606 $aCalcul des variations 606 $aAnalyse mathe?matique 606 $aAnalyse de syste?mes$vPe?riodiques 606 $aCalcul des variations$vPe?riodiques 606 $aAnalyse mathe?matique$vPe?riodiques 606 $asystems analysis$2aat 606 $aCalculus of variations$2fast$3(OCoLC)fst00844140 606 $aMathematical analysis$2fast$3(OCoLC)fst01012068 606 $aSystem analysis$2fast$3(OCoLC)fst01141385 608 $aPeriodicals.$2fast 615 0$aSystem analysis 615 0$aCalculus of variations 615 0$aMathematical analysis 615 0$aSystem analysis. 615 0$aCalculus of variations. 615 0$aMathematical analysis. 615 2$aSystems Analysis. 615 6$aAnalyse de syste?mes. 615 6$aCalcul des variations. 615 6$aAnalyse mathe?matique. 615 6$aAnalyse de syste?mes 615 6$aCalcul des variations 615 6$aAnalyse mathe?matique 615 7$asystems analysis. 615 7$aCalculus of variations. 615 7$aMathematical analysis. 615 7$aSystem analysis. 712 02$aSocie?te? de mathe?matiques applique?es et industrielles 801 0$bEYM 801 1$bEYM 801 2$bOCL 801 2$bWAU 801 2$bCUS 801 2$bCAS 801 2$bOCL 801 2$bDLC 801 2$bOCLCQ 801 2$bCUS 801 2$bMUQ 801 2$bCIT 801 2$bOCLCQ 801 2$bTXA 801 2$bOCLCQ 801 2$bOCLCF 801 2$bOCLCO 801 2$bOCLCQ 801 2$bZAC 801 2$bNLE 801 2$bOCLCA 801 2$bUKMGB 801 2$bOCLCO 801 2$bOCLCQ 801 2$bIOY 801 2$bOCLCL 801 2$bOCLCQ 906 $aJOURNAL 912 $a9910141684903321 996 $aESAIM$91771847 997 $aUNINA